| 000 | 00520nam a2200181Ia 4500 | ||
|---|---|---|---|
| 008 | 090123s9999 xx 000 0 und d | ||
| 082 | _b23152 | ||
| 100 | _aगोडबोले भा.स. | ||
| 245 | _aध्वजप्रणाम | ||
| 250 | _a1 | ||
| 260 |
_bअनुबंध _c1993 |
||
| 300 | _a78 | ||
| 600 | _aगोडबोले भा.स. | ||
| 630 | _aध्वजप्रणाम | ||
| 700 | _aगोडबोले भा.स. | ||
| 730 | _aध्वजप्रणाम | ||
| 942 | _cBOOK | ||
| 999 |
_c61224 _d61224 |
||